Las pirámides : historia, mito y realidad /

Na minha lista:
Detalhes bibliográficos
Autor principal: Parra Ortiz, José Miguel (autor)
Formato: Livro
Idioma:espanhol
Publicado em: Madrid, España : Universidad Complutense de Madrid, 2001, c2001
Assuntos:
Tags: Adicionar Tag
Sem tags, seja o primeiro a adicionar uma tag!

MARC

LEADER 00000nam^a2200000^a^4500
001 000146496
005 20250521000000.0
009 20260310095911.854
020 |a 84-7491-625-9 
037 |a Acervo ITESO - Biblioteca 
041 |a ESP 
082 |a 962. 011  |b PAR 
100 |a Parra Ortiz, José Miguel  |e (autor) 
245 1 4 |a Las pirámides :  |b historia, mito y realidad /  |c J.M. Parra Ortiz. 
264 4 |a Madrid, España :  |b Universidad Complutense de Madrid,  |c 2001, c2001 
300 |a XII, 211 p. 
336 |a texto  |b txt  |2 rdacontenido 
337 |a sin mediación  |b n  |2 rdamedio 
338 |a volumen  |b nc  |2 rdasoporte 
649 |a XX 
650 |a Pirámides -  |z Egipto 
650 |a Arquitectura Egipcia 
650 |a Arquitectura Funeraria 
650 |a Arte Egipcio 
650 |a Arte Religioso 
650 |a Excavaciones (Arqueología) -  |z Egipto 
650 |a Arqueología -  |z Egipto 
650 |a Egipto -  |x Historia 
650 |a Muerte 
650 |a Prácticas Culturales -  |z Egipto -  |x Historia 
650 |a Historia Antigua 
910 |a Fondo General 
920 |a Impresos - Libros 
930 |a Colección General 
905 |a 101 
901 |a 0500076034  |b IT1  |c ACC  |u 20250521 
902 |a https://opac.biblio.iteso.mx/vufind/Record/000146496